00341nam a2200145Ia 4500008004100000020001500041041000800056082001600064100003500080245001000115250000600125260003300131300000800164650002300172210716s1992 xx 000 0 und d a0884270610 aeng a374.22 GOLE aGoldratt, Eliyahu M;Cox, Jeff. aGoal. a2 aUSAbNorth River Pressc1992 a337 aGeneral Management